000 00825cam a22002531 4500
001 sd 50000131
003 DLC
005 20260227112736.0
008 800221s1950 nyu b 000 0 eng
010 _asd 50000131
040 _aDLC
_cDLC
_dDLC
043 _aaw-----
050 0 0 _aD410
_b.F65 vol. 25, no. 20
100 1 _aHurewitz, J. C.,
_d1914-2008.
245 1 0 _aCrisis in the Arab East.
260 _aNew York,
_bForeign Policy Association,
_c1950.
300 _a[246]-255, [1] p.
_c27 cm.
490 0 _aForeign policy reports, v. 25, no. 20
500 _a"The Clapp mission report, by Miriam Freund": p. [256]
504 _aBibliographical footnotes.
651 0 _aArab countries
_xPolitics and government
_y1945-
610 2 0 _aLeague of Arab States.
651 0 _aMiddle East
_xEconomic conditions
_y1945-1979.
999 _c90029
_d90029